Ninte chorayile veenjhu/ (Record no. 31476)

000 -LEADER
fixed length control field 00371nam a22001571a 4500
020 ## - INTERNATIONAL STANDARD BOOK NUMBER
ISBN 9788126428489
082 ## - DEWEY DECIMAL CLASSIFICATION NUMBER
Classification number M3
Item number MUR/N
100 ## - MAIN ENTRY--AUTHOR NAME
Personal name Murali B
245 ## - TITLE STATEMENT
Title Ninte chorayile veenjhu/
Statement of responsibility, etc by Murali B
260 ## - PUBLICATION, DISTRIBUTION, ETC. (IMPRINT)
Place of publication Kottayam:
Name of publisher D C Books,
Year of publication 2010.
300 ## - PHYSICAL DESCRIPTION
Number of Pages 64p.
650 ## - SUBJECT ADDED ENTRY--TOPICAL TERM
Topical Term Novel Malayalam
650 ## - SUBJECT ADDED ENTRY--TOPICAL TERM
Topical Term Literature Malayalam
650 ## - SUBJECT ADDED ENTRY--TOPICAL TERM
Topical Term Literature
942 ## - ADDED ENTRY ELEMENTS (KOHA)
Koha item type Book
Holdings
Withdrawn status Lost status Damaged status Not for loan Permanent Location Current Location Date acquired Cost, normal purchase price Full call number Accession Number Cost, replacement price Price effective from Koha item type
        Sree Sankaracharya University of Sanskrit Sree Sankaracharya University of Sanskrit 08.01.2015 40.00 M3 MUR/N 062076 0.00 08.01.2015 Book
        Sree Sankaracharya University of Sanskrit Sree Sankaracharya University of Sanskrit 08.01.2015 40.00 M3 MUR/N 070651 0.00 08.01.2015 Book